Investment guide to Algeria 2008.
| Format: | Book |
|---|---|
| Published: |
[S.l]:
[s.n],
2008.
|
| Subjects: |
| LEADER | 00410cam a2200133 7i4500 | ||
|---|---|---|---|
| 001 | 0000026466 | ||
| 005 | 20110714090000.0 | ||
| 090 | 0 | 0 | |a CD 332.6 |b INV (ALGR) |
| 245 | 0 | 0 | |a Investment guide to Algeria 2008. |
| 260 | 0 | 0 | |a [S.l]: |b [s.n], |c 2008. |
| 300 | # | # | |a Electronic computer optical disc (CD-ROM). |
| 650 | 0 | 0 | |a Investment -- |z Algeria |
| 651 | 0 | 0 | |a Algeria |
| 999 | |a CDR000836H |b CD-ROM |c AV Collection |e Business Information Centre | ||